书目信息 |
| 题名: |
滚滚长江都是水
|
|
| 作者: | 王福利 著 | |
| 分册: | ||
| 出版信息: | 北京 新星出版社 2010.12 |
|
| 页数: | 200页 | |
| 开本: | 22cm | |
| 丛书名: | ||
| 单 册: | ||
| 中图分类: | I277.8 | |
| 科图分类: | ||
| 主题词: | 笑话 , 笑话--作品集--中国--当代 | |
| 电子资源: | ||
| ISBN: | 978-7-5133-0104-6 | |
| 000 | 00963nam0 2200289 450 | |
| 001 | 1138039456 | |
| 005 | 20111221103437.14 | |
| 010 | @a978-7-5133-0104-6@dCNY25.00 | |
| 049 | @aA220000JLP@bUCS01004746827 | |
| 090 | @aI277.8@bwfl | |
| 096 | @aI247.8@bwfl | |
| 100 | @a20110618d2010 em y0chiy50 ea | |
| 101 | 0 | @achi |
| 102 | @aCN@b110000 | |
| 105 | @ay z 000yy | |
| 200 | 1 | @a滚滚长江都是水@b专著@e三国背后不靠谱的搞笑真相@f王福利著@9gun gun chang jiang dou shi shui |
| 210 | @a北京@c新星出版社@d2010.12 | |
| 215 | @a200页@d22cm | |
| 300 | @a嘿色幽品 | |
| 330 | @a本书内容包括:“孟德献刀”、“十八路诸侯”、“连环计”、“三让徐州”,“辕门斩戟”、“白门楼”等幽默故事。 | |
| 517 | 1 | @a三国背后不靠谱的搞笑真相@9san guo bei hou bu kao pu de gao xiao zhen xiang |
| 606 | 0 | @a笑话 |
| 606 | 0 | @a笑话@x作品集@y中国@z当代 |
| 690 | @aI277.8@v4 | |
| 701 | 0 | @a王福利@4著@9wang fu li |
| 801 | 0 | @aCN@bJL@c20110106 |
| 905 | @aZUCC@dI277.8@eW173 | |
| 滚滚长江都是水:三国背后不靠谱的搞笑真相/王福利著.-北京:新星出版社,2010.12 |
| 200页;22cm |
| 嘿色幽品 |
| ISBN 978-7-5133-0104-6:CNY25.00 |
| 本书内容包括:“孟德献刀”、“十八路诸侯”、“连环计”、“三让徐州”,“辕门斩戟”、“白门楼”等幽默故事。 |
| ● |
| 相关链接 |
|
|
|
正题名:滚滚长江都是水
索取号:I277.8/W173
 
预约/预借
| 序号 | 登录号 | 条形码 | 馆藏地/架位号 | 状态 | 备注 |
| 1 | 843633 | 208436334 | 文学库116/116文学库 13排1列2层/ [索取号:I277.8/W173] | 在馆 | |
| 2 | 843634 | 208436343 | 社科二线422/116文学库 13排1列2层/ [索取号:I277.8/W173] | 在馆 | |
| 3 | 843635 | 208436352 | 文学库116/116文学库 13排1列2层/ [索取号:I277.8/W173] | 在馆 |